-
Chopra, Sunil & Meindi , Peter
Entry Personal Name
Number of records used in: 3
001 - CONTROL NUMBER
003 - CONTROL NUMBER IDENTIFIER
005 - DATE AND TIME OF LATEST TRANSACTION
- control field:
20160527122207.0
008 - FIXED-LENGTH DATA ELEMENTS
- fixed length control field:
160527|| aca||aabn | a|a d
040 ## - CATALOGING SOURCE
- Original cataloging agency:
OSt
- Transcribing agency:
OSt
100 ## - HEADING--PERSONAL NAME
- Personal name:
Chopra, Sunil & Meindi , Peter
670 ## - SOURCE DATA FOUND
- Source citation:
Work cat.: (OSt): Chopra, Sunil & Meindi , Peter, Supply Chain Management, 2002